000 00268nam a22001097a 4500
008 170126b xxu||||| |||| 00| 0 eng d
020 _a9780073401997
041 _aeng
080 _26TH
_a61
245 _aCOMPUTERS IN THE MEDICAL OFFICE
_cSANDERSON, S.M
942 _2udc
_cBK
999 _c3764
_d3764